El coronel ramon estomba, fundador de bahia blanca /
Guardado en:
| Autor Principal: | |
|---|---|
| Formato: | Libro |
| Publicado: |
Bahia Blanca :
Museo Historico De La Municipalidad,
1954
|
| Materias: | |
| Etiquetas: |
Agregar Etiqueta
Sin Etiquetas, Sea el primero en etiquetar este registro!
|
| LEADER | 00618nam a22001695a 4500 | ||
|---|---|---|---|
| 001 | EHU.bham014591 | ||
| 003 | AR-BHAM | ||
| 005 | 20100330155324.0 | ||
| 008 | 130507s1954##################000#0#####d | ||
| 082 | 9 | 8 | |a 982.04 |
| 100 | 1 | |a Crespi Valls, Antonio | |
| 245 | 1 | 0 | |a El coronel ramon estomba, fundador de bahia blanca / |c Antonio Crespi Valls |
| 260 | |a Bahia Blanca : |b Museo Historico De La Municipalidad, |c 1954 | ||
| 300 | |a 151 p. | ||
| 653 | |a Historia de argentina-1829-1861 | ||
| 859 | |a AR-BHAM |b BIB. HUMANIDADES - General |h 982.04 |i C864-1 |p 1612.62 |t Ej.1 | ||
| 859 | |a AR-BHAM |b BIB. HUMANIDADES - General |h 982.04 |i C864-1 |p 666.59 |t Ej.1 | ||
